000
00313nam a2200133Ia 4500
008
220216s9999 xx 000 0 und d
100
_a
Soman T A
245
0
_a
Root trainer: Kuttithai nadeelum hardening
260
_b
Karshakan
_c
2014
300
_a
62-63
650
_a
Hardening
650
_a
Root
942
_c
JS
999
_c
67272
_d
67272